[Event "ICS Rated blitz match"]
[Site "207.99.83.227"]
[Date "1999.04.14"]
[Round "?"]
[White "Hossa"]
[Black "Kirlian"]
[Result "1/2-1/2"]
[WhiteElo "2489"]
[BlackElo "2493"]
[PlyCount "157"]

1. e4 e5 2. Nf3 Nc6 3. Bb5 Nge7 4. O-O g6 5. c3 Bg7 6. d4 exd4 7. cxd4 d5 8.
exd5 Nxd5 9. Re1+ Be6 10. Bxc6+ bxc6 11. Ne5 O-O 12. Nxc6 Qd6 13. Ne5 c5 14.
dxc5 Qxc5 15. Nd3 Qb6 16. Nd2 Rac8 17. Ne4 h6 18. Bd2 Rfd8 19. Rc1 Rxc1 20.
Qxc1 Rc8 21. Qd1 Bf5 22. Qa4 Bxb2 23. Bxh6 Nc3 24. Nxc3 Bxc3 25. Rd1 Bd4 26.
Kf1 Bxd3+ 27. Rxd3 Bxf2 28. Bf4 Bc5 29. Qd7 Rc6 30. Qe8+ Bf8 31. Qe2 Qb1+ 32.
Kf2 Rc2 33. Rd2 Bc5+ 34. Kg3 Rxd2 35. Qxd2 Qe4 36. h4 Bb6 37. Qd6 Bd4 38. Qd8+
Kg7 39. Qa5 Bf6 40. Qxa7 Bxh4+ 41. Kxh4 Qxf4+ 42. Kh3 g5 43. g3 Qf5+ 44. Kg2
Qe4+ 45. Kf2 Kg6 46. Qa6+ f6 47. Qe2 Qd4+ 48. Kg2 Qd5+ 49. Kh2 f5 50. a4 f4 51.
gxf4 Qd6 52. Qg4 Qd2+ 53. Kh3 Qd3+ 54. Kg2 Qc2+ 55. Kg1 Qc1+ 56. Kf2 Qc2+ 57.
Qe2 Qxa4 58. Qe6+ Kg7 59. Qe7+ Kh8 60. Qf6+ Kh7 61. fxg5 Qc2+ 62. Ke3 Qc1+ 63.
Ke4 Qc2+ 64. Kd5 Qd3+ 65. Ke6 Qc4+ 66. Ke5 Qc3+ 67. Kd6 Qb4+ 68. Kc6 Qa4+ 69.
Kd5 Qb3+ 70. Kc5 Qa3+ 71. Kb6 Qb4+ 72. Kc7 Qa5+ 73. Kb8 Qb5+ 74. Kc8 Qc5+ 75.
Kb7 Qb5+ 76. Ka8 Qa4+ 77. Kb7 Qb5+ 78. Ka8 Qa4+ 79. Kb7 {
Game drawn by mutual agreement} 1/2-1/2

[Event "ICS Rated blitz match"]
[Site "207.99.83.227"]
[Date "1999.04.14"]
[Round "?"]
[White "Kirlian"]
[Black "Hossa"]
[Result "1/2-1/2"]
[WhiteElo "2493"]
[BlackElo "2489"]
[PlyCount "128"]

1. e4 d6 2. d4 Nf6 3. Nc3 Nbd7 4. f4 e5 5. Nf3 c6 6. Bc4 exd4 7. Qxd4 Qb6 8.
Bb3 Qxd4 9. Nxd4 Nc5 10. e5 Ng4 11. h3 dxe5 12. Nf3 e4 13. hxg4 exf3 14. gxf3
Nxb3 15. axb3 Bd6 16. f5 Bg3+ 17. Kf1 Be5 18. Kg2 O-O 19. Rd1 Re8 20. Ne4 f6
21. c3 a6 22. Be3 Kh8 23. Bb6 Bb8 24. Rd2 Bf4 25. Rd3 h6 26. Rad1 Kg8 27. Rd8
Rxd8 28. Rxd8+ Kh7 29. Nc5 Be3 30. b4 Bxc5 31. Bxc5 a5 32. bxa5 Rxa5 33. Bd4
Ra8 34. f4 Rb8 35. Kg3 Ra8 36. Re8 Rb8 37. g5 hxg5 38. fxg5 fxg5 39. Be5 Ra8
40. Bd4 Rb8 41. Rf8 b5 42. Kg4 b4 43. Kxg5 b3 44. Re8 Ra8 45. Re7 Kg8 46. Rxg7+
Kf8 47. Rc7 Ba6 48. Bc5+ Kg8 49. Kg6 Re8 50. Rg7+ Kh8 51. Bd4 Rg8 52. Rxg8+
Kxg8 53. Kf6 Kf8 54. Bc5+ Ke8 55. Ke5 Kf7 56. f6 Bc8 57. Be7 Bg4 58. Kd6 Bf3
59. c4 Be2 60. c5 Bf3 61. Ke5 Bd5 62. Kd6 Bf3 63. Ke5 Bd5 64. Kd6 64... Bf3 {
Game drawn by repetition} 1/2-1/2

[Event "ICS Rated blitz match"]
[Site "207.99.83.227"]
[Date "1999.04.14"]
[Round "?"]
[White "Kirlian"]
[Black "Hossa"]
[Result "1-0"]
[WhiteElo "2477"]
[BlackElo "2505"]
[Annotator "Crafty v16.6"]
[PlyCount "139"]

{annotating for player Hossa using a scoring margin of +0.10 pawns. search
time limit is 20.00} 1. e4 1... c5 2. Nf3 Nc6 3. d4 cxd4 4. Nxd4 Qb6 5. Nb3 Nf6
6. Nc3 e6 7. Be2 Bb4 8. Be3 Bxc3+ 9. bxc3 Qc7 10. f3 d5 11. O-O dxe4 12. Bc5
Bd7 ({8:+0.63} 12... Bd7 13. Qd2 Qe5 14. f4 Qd5 15. Qe3 e5 16. Rad1 exf4 17.
Rxf4 $15) ({8:+0.98} 12... exf3 13. Bxf3 Ne7 14. Qd6 Qxd6 15. Bxd6 Nf5 16. Bc5
Nd7 17. Bd4 $17) 13. Kh1 Rd8 ({8:+0.84} 13... Rd8 14. Qd2 Qe5 15. f4 Qd5 16.
Qe3 e5 17. Rad1 exf4 18. Rxf4 $17) ({8:+0.97} 13... Qe5 14. Qd2 exf3 15. Bxf3
Ne4 16. Bxe4 Qxe4 17. Rxf7 Kxf7 18. Qxd7+ Kg6 19. Qxb7 $17) 14. Qe1 b6 15. Ba3
Qf4 16. fxe4 Qxe4 17. Rd1 Qxc2 18. Rd2 Qe4 19. Qg3 Qg6 20. Qc7 Nd5 21. Rxd5
exd5 22. Bh5 Qe6 23. Nd4 Nxd4 24. cxd4 g6 25. Bf3 Bb5 26. Rc1 a5 27. h3 Bd3 28.
Rc6 Qe1+ 29. Kh2 Bf5 30. Rxb6 Rc8 31. Rb8 Rxb8 32. Qxb8+ Kd7 33. Qxh8 Qe3 34.
Qf8 Qf4+ 35. Kh1 Be4 36. Qe7+ Kc6 37. Bxe4 Qf1+ 38. Kh2 Qf4+ 39. g3 Qxe4 40.
Qxe4 dxe4 41. Kg1 Kd5 42. Bc5 f5 43. Kf2 g5 44. Ke3 a4 45. Ba7 h5 46. Bb8 h4
47. gxh4 f4+ 48. Kd2 gxh4 49. Bxf4 Kxd4 50. a3 Kc4 51. Ke3 Kb3 52. Bd6 Kc2 53.
Kxe4 Kd2 54. Kf4 Kd3 55. Kg4 Kd4 56. Kxh4 Kd5 57. Bb4 Ke5 58. Kg5 Ke6 59. h4
Kd7 60. h5 Ke6 61. Kg6 Kd5 62. h6 Ke5 63. h7 Kd5 64. h8=Q Kc4 65. Qe5 Kd3 66.
Qf4 Kc2 67. Qd2+ Kb1 68. Bc5 Ka1 69. Bd4+ Kb1 70. Qb2# 1-0

[Event "ICS Rated blitz match"]
[Site "207.99.83.227"]
[Date "1999.04.14"]
[Round "?"]
[White "Hossa"]
[Black "rajah"]
[Result "0-1"]
[WhiteElo "2488"]
[BlackElo "2476"]
[Annotator "Crafty v16.6"]
[PlyCount "184"]

{annotating for player Hossa using a scoring margin of +0.10 pawns. search
time limit is 20.00} 1. e4 1... e6 2. Nf3 d5 3. e5 ({9:-0.10} 3. e5 3... Nh6 4.
Be2 Be7 5. d3 Nf5 6. O-O O-O 7. Nc3 $10) ({9:+0.82} 3. exd5 3... Qxd5 4. Nc3
Qc5 5. Be2 Nf6 6. O-O Nbd7 7. Bb5 7... Bd6 $16) 3... c5 4. Bb5+ Bd7 5. Bxd7+
Nxd7 6. O-O ({8:-0.17} 6. O-O 6... g5 7. d4 g4 8. Ne1 g3 9. fxg3 9... c4 $10) (
{8:+0.04} 6. d4 6... cxd4 7. Qxd4 f6 8. Nc3 fxe5 9. Nxe5 Bc5 10. Qf4 10... Ngf6
$10) 6... g5 7. d4 g4 8. Ne1 cxd4 9. Qxd4 Ne7 10. Bg5 ({8:+0.30} 10. Bg5 10...
Qb6 11. Qxb6 axb6 12. Nd3 Bg7 13. Bxe7 Kxe7 14. Re1 14... Rhc8 $10) ({8:+0.53} 
10. Nd3 10... g3 11. fxg3 Nf5 12. Rxf5 exf5 13. Qxd5 13... Nc5 $14) 10... Nc6
11. Qxg4 Ndxe5 12. Bxd8 ({9:-0.04} 12. Bxd8 12... Nxg4 13. Bg5 Bd6 14. Nf3 f6
15. Bh4 f5 16. Nc3 $10) ({9:+0.48} 12. Qh5 12... Qb6 13. b3 Qd4 14. Bf6 Qxa1
15. Bxh8 O-O-O 16. Nd2 $14) 12... Nxg4 13. Bc7 ({9:-0.25} 13. Bc7 13... Rc8 14.
Bg3 Nd4 15. c3 Ne2+ 16. Kh1 Bc5 17. Nd3 O-O 18. Nd2 $10) ({9:-0.06} 13. Bg5
13... Nd4 14. h3 Ne2+ 15. Kh1 Bg7 16. Nd3 h6 17. Bh4 Ne5 18. Nc5 $10) 13... Rc8
14. Bf4 ({11:-0.64} 14. Bf4 14... Nd4 15. f3 Ne2+ 16. Kh1 Nxf4 17. fxg4 Bg7 18.
c3 Bh6 19. g3 Ne2 20. Rf6 $15) ({11:-0.44} 14. Bg3 14... Nd4 15. c3 Ne2+ 16.
Kh1 Nxg3+ 17. hxg3 d4 18. Nd3 Bg7 19. cxd4 Bxd4 20. Na3 O-O 21. Rad1 21... Rfd8
$15) 14... Nd4 15. f3 Ne2+ 16. Kh1 Nxf4 17. fxg4 Bg7 18. c3 e5 19. Nd2 ({
9:-0.65} 19. Nd2 19... O-O 20. g3 Ng6 21. Rd1 Rfe8 22. Nb3 Ne7 23. Nd3 $15) ({
9:-0.40} 19. Na3 19... O-O 20. Nb5 a6 21. Nd6 Rc7 22. Rd1 Rd8 23. Nf5 $15)
19... O-O 20. Rd1 Rc6 21. Nb3 Rd8 22. Nc2 Re6 23. Na5 b6 24. Nc4 Bf6 25. N4a3
a5 26. Nb5 Be7 27. Ne3 Bc5 28. Nc4 Ne2 29. g5 Ree8 30. Nd2 Nf4 31. Nb3 Bf8 32.
Nc1 Ne6 33. Ne2 Bg7 34. Rf5 Rd7 35. Ng3 Ree7 36. Re1 Nf4 37. Re3 Re6 38. Nf1
Ng6 39. Nd2 e4 40. Rg3 e3 41. Nf3 Ne7 42. Rf4 e2 43. Ne1 Be5 44. Rgf3 Bxf4 45.
Rxf4 Ng6 46. Rf2 Re4 47. g3 Rde7 48. Nd4 Ne5 49. h3 Nc4 50. b3 Nd6 51. Rf6 Rd7
52. Rf3 Rc7 53. Rd3 Kh8 54. a4 Rc5 55. Kh2 Rc8 56. g4 Rc7 57. Ndf3 Nc8 58. Nd4
Ne7 59. Nb5 Rc6 60. Nd4 Rg6 61. Ndf3 f6 62. gxf6 Rxf6 63. Kg3 Kg7 64. Kg2 Ng6
65. Kg3 Ne5 66. Nxe5 Rxe5 67. Rf3 Rxf3+ 68. Kxf3 h6 69. h4 Kf8 70. g5 Kg7 71.
Kf2 Re4 72. gxh6+ Kxh6 73. Ng2 Kh5 74. Ke1 Kg4 75. Kf2 Re7 76. b4 axb4 77. cxb4
d4 78. Ne1 Kxh4 79. a5 bxa5 80. bxa5 Kh5 81. Nd3 Kh6 82. a6 Kg5 83. Ke1 Kg4 84.
Kf2 Re6 85. a7 Re8 86. Ke1 Kf3 87. Nc1 Ke3 88. Nxe2 d3 89. Nc3 d2+ 90. Kd1 Kd3
91. Ne2 Rxe2 92. a8=Q Re1# 0-1

[Event "ICS rated blitz match"]
[Site "207.99.83.227"]
[Date "1999.04.14"]
[Round "?"]
[White "lunarlander"]
[Black "Hossa"]
[Result "1-0"]
[WhiteElo "2194"]
[BlackElo "2477"]
[Annotator "Crafty v16.6"]
[PlyCount "100"]

{annotating for player Hossa using a scoring margin of +0.10 pawns. search
time limit is 20.00} 1. e4 1... e5 2. Nf3 Nc6 3. Bb5 a6 4. Bxc6 dxc6 5. Nc3 Bg4
6. h3 Bxf3 7. Qxf3 Nh6 ({9:-0.72} 7... Nh6 8. d3 g6 9. Be3 Bg7 10. O-O-O O-O
11. Bxh6 Bxh6+ 12. Kb1 $16) ({9:-0.21} 7... Bd6 8. d3 Ne7 9. Bd2 O-O 10. O-O-O
Bb4 11. Qe3 11... Qd6 $10) 8. d3 Qf6 9. Qxf6 gxf6 10. Bxh6 Bxh6 11. Ke2 b5 12.
Nd1 Rg8 13. Rg1 O-O-O 14. Ne3 Bf8 ({9:-0.58} 14... Bf8 15. Nf5 Kd7 16. c3 Ke6
17. a4 Bc5 18. b4 18... Bb6 $14) ({9:-0.36} 14... Bxe3 15. Kxe3 Kd7 16. a4 Ke6
17. axb5 axb5 18. b4 Rd7 19. Ra7 19... h5 $14) 15. Nf5 Bd6 16. Raf1 Kb7 17. g3
Ka7 18. f4 Bc5 19. Ne3 Rd7 20. fxe5 fxe5 21. Rf5 Re7 22. g4 Bd4 23. b3 b4 24.
Rgf1 Bxe3 25. Kxe3 Rg7 26. Rf6 Kb7 27. R1f5 Kb6 28. Rh6 Re8 29. Rfh5 Rh8 30.
Rxe5 Rg6 31. Reh5 Rxh6 32. Rxh6 Kb5 33. g5 c5 34. h4 a5 35. Kf4 a4 36. Rf6 Rf8
37. h5 c6 38. g6 hxg6 39. hxg6 axb3 40. axb3 Kb6 41. gxf7 Kc7 42. e5 Kd7 43.
e6+ Kd6 44. Rg6 Rxf7+ 45. exf7+ Ke7 46. Rxc6 Kxf7 47. Rxc5 Ke6 48. Rb5 Kd6 49.
Rxb4 Kc5 50. Re4 Kb5 1-0

[Event "ICS Rated bullet match"]
[Site "207.99.83.227"]
[Date "1999.04.14"]
[Round "?"]
[White "Hossa"]
[Black "TDChess"]
[Result "0-1"]
[WhiteElo "2445"]
[BlackElo "2464"]
[Annotator "Crafty v16.6"]
[PlyCount "52"]

{annotating for player Hossa using a scoring margin of +0.10 pawns. search
time limit is 20.00} 1. e4 1... e6 2. Nf3 d5 3. e5 ({9:-0.10} 3. e5 3... Nh6 4.
Be2 Be7 5. d3 Nf5 6. O-O O-O 7. Nc3 $10) ({9:+0.82} 3. exd5 3... Qxd5 4. Nc3
Qc5 5. Be2 Nf6 6. O-O Nbd7 7. Bb5 7... Bd6 $16) 3... g5 4. d4 g4 5. Nfd2 h5 6.
f3 ({9:+0.00} 6. f3 6... Nc6 7. fxg4 Qh4+ 8. g3 Qxg4 9. Qxg4 hxg4 10. Bb5 Bd7
11. Nb3 $10) ({9:+0.27} 6. h3 6... gxh3 7. Rxh3 Nc6 8. Nb3 h4 9. Bf4 Nh6 10.
Bb5 10... Nf5 $10) 6... Nc6 7. Bb5 ({8:-0.39} 7. Bb5 7... Bd7 8. fxg4 Qh4+ 9.
g3 Qxg4 10. Bxc6 Bxc6 11. Qxg4 hxg4 12. Nc3 $15) ({8:+0.05} 7. c3 7... Nh6 8.
fxg4 hxg4 9. Nb3 Qh4+ 10. g3 Qh5 11. Be2 11... Rg8 $10) 7... Bd7 8. Bxc6 Bxc6
9. Qe2 Qh4+ 10. g3 Qh3 11. Rf1 ({9:-1.03} 11. Rf1 11... Nh6 12. Nb3 gxf3 13.
Qxf3 Nf5 14. Rf2 O-O-O 15. Bg5 Bb4+ 16. N1d2 $17) ({9:-0.83} 11. Qf1 11...
Qxf1+ 12. Rxf1 O-O-O 13. Nb3 Bb5 14. Rf2 Ne7 15. Bg5 Re8 16. N1d2 $17) 11... h4
12. fxg4 hxg3 13. Qf3 Be7 14. Qxf7+ ({9:-1.20} 14. Qxf7+ 14... Kd7 15. hxg3
Qxg3+ 16. Qf2 Qxg4 17. Rg1 Qh4 18. Qxh4 Bxh4+ 19. Kd1 19... Ne7 $17) ({9:-0.57
} 14. hxg3 14... O-O-O 15. Nc3 Bb4 16. a3 Bxc3 17. Qxc3 Nh6 18. Nb3 18... Bb5
$15) 14... Kd7 15. Nb3 ({8:-3.38} 15. Nb3 15... gxh2 16. Rh1 Qg2 17. Qf1 Qxc2
18. g5 Qe4+ 19. Kd1 19... Bb4 $19) ({8:-1.49} 15. hxg3 15... Qxg3+ 16. Qf2 Qxg4
17. Rg1 Qh3 18. Rg3 Qh1+ 19. Rg1 19... Qh3 $17) 15... gxh2 16. Rh1 ({8:-4.37} 
16. Rh1 16... Qg2 17. Nc5+ Kc8 18. Qf1 Qxc2 19. Bg5 Bxg5 20. Qf8+ Bd8 21. Nxe6
$19) ({8:-2.79} 16. Nc5+ $19) 16... Rf8 17. Nc5+ Kc8 18. Qxe6+ Kb8 19. Na6+ ({
7:-11.72} 19. Na6+ 19... bxa6 20. Bh6 Qg3+ 21. Kd1 Qg1+ 22. Ke2 Qg2+ 23. Kd1
Qxh1+ 24. Kd2 24... Rxh6 $19) ({7:-5.85} 19. Bf4 19... Rxf4 20. Nd3 Qg2 21.
Qxg8+ Rxg8 22. Nxf4 Qxh1+ 23. Kf2 $19) 19... bxa6 20. Bf4 Rxf4 21. Nd2 Qe3+ 22.
Kd1 Qg1+ 23. Rxg1 hxg1=Q+ 24. Nf1 Qxf1+ 25. Kd2 Rh2+ 26. Kc3 Rf3# 0-1

[Event "ICS rated blitz match"]
[Site "207.99.83.227"]
[Date "1999.04.14"]
[Round "?"]
[White "Prof-Moriarty"]
[Black "Hossa"]
[Result "0-1"]
[WhiteElo "2348"]
[BlackElo "2457"]
[PlyCount "78"]

1. d4 Nf6 2. Nf3 e6 3. e3 Be7 4. Bd3 O-O 5. O-O d5 6. b3 Nc6 7. Bb2 b6 8. a3
Bd6 9. Nbd2 Bb7 10. Ne5 Qe7 11. f4 Kh8 12. Rf3 Rg8 13. Rh3 h6 14. g4 Raf8 15.
g5 Bxe5 16. dxe5 Ne4 17. Nxe4 dxe4 18. Bxe4 Na5 19. Qf3 Bxe4 20. Qxe4 Rb8 21.
Kh1 Qf8 22. Rg1 a6 23. f5 Nb7 24. f6 Nc5 25. Qh4 gxf6 26. exf6 Rg6 27. Qxh6+
Rxh6 28. Rxh6+ Kg8 29. Rg4 Qd6 30. g6 Qd1+ 31. Rg1 Qf3+ 32. Rg2 Rd8 33. gxf7+
Kxf7 34. Rh7+ Ke8 35. f7+ Ke7 36. f8=Q+ Kxf8 37. Rh8+ Ke7 38. Rh7+ Kd6 39. Be5+
39... Kxe5 {Prof-Moriarty resigns} 0-1

[Event "ICS rated blitz match"]
[Site "207.99.83.227"]
[Date "1999.04.14"]
[Round "?"]
[White "Hossa"]
[Black "Prof-Moriarty"]
[Result "1-0"]
[WhiteElo "2468"]
[BlackElo "2337"]
[PlyCount "112"]

1. e4 d6 2. d4 Nf6 3. Nc3 g6 4. Bc4 Bg7 5. Nf3 O-O 6. O-O Bg4 7. Bg5 Nc6 8. d5
Ne5 9. Be2 Bxf3 10. Bxf3 h6 11. Bf4 Nfd7 12. Be2 c6 13. Qd2 Kh7 14. Rad1 c5 15.
Kh1 a6 16. Rg1 b5 17. Rdf1 c4 18. Bg3 b4 19. Nd1 c3 20. bxc3 bxc3 21. Nxc3 Qa5
22. f4 Nc4 23. Bxc4 Qxc3 24. Qxc3 Bxc3 25. Rf3 Bg7 26. Rb1 Rab8 27. Rxb8 Rxb8
28. Bh4 Bf6 29. Bxf6 Nxf6 30. Rb3 Rxb3 31. axb3 a5 32. Bd3 Kg7 33. Kg1 Nd7 34.
c3 Nc5 35. Bc2 g5 36. fxg5 hxg5 37. b4 axb4 38. cxb4 Na6 39. b5 Nc5 40. g3 Kf6
41. b6 Ke5 42. h4 gxh4 43. gxh4 Kf4 44. h5 Kg5 45. Bd1 e6 46. dxe6 fxe6 47. Bb3
Kxh5 48. Bxe6 Kg5 49. Bd5 Kf4 50. Kf2 Ke5 51. Bc6 Ke6 52. Ke3 Ke7 53. Kd4 Ne6+
54. Kc4 Nd8 55. Kb5 Ke6 56. b7 56... Ke5 {Prof-Moriarty resigns} 1-0

[Event "ICS rated blitz match"]
[Site "207.99.83.227"]
[Date "1999.04.14"]
[Round "?"]
[White "psz"]
[Black "Hossa"]
[Result "0-1"]
[WhiteElo "2224"]
[BlackElo "2478"]
[Annotator "Fritz 5.32 (15s)"]
[PlyCount "26"]

1. e4 d6 2. d4 g6 3. Be3 Bg7 4. Qd2 4... f5 $146 (4... c6 5. c4 (5. f3 Nd7 6.
c4 b6 7. Nc3 c5 8. Nge2 Bb7 9. Rd1 h5 10. Nc1 h4 11. Be2 h3 12. g3 Nf8 13. O-O
Ne6 14. Nb3 Qc8 15. d5 Nf8 16. Nc1 Nf6 17. Nd3 Ba6 18. Nf2 N6d7 19. f4 19... g5
{Shchekachev,A-Pape,M/Bad Zwesten GER 1999/1-0 (46)}) 5... Nf6 6. f3 e5 7. d5
cxd5 8. cxd5 O-O 9. Bd3 Nbd7 10. Ne2 Nc5 11. Bc2 a5 12. Na3 Ne8 13. O-O Bd7 14.
b4 axb4 15. Qxb4 Bf6 16. Nc3 Be7 17. Nc4 Qc7 18. Nb6 Rb8 19. Rfc1 {
Viktor,K-Loemker,M/NWL-I 9192 1992/1-0 (38)}) (4... a6 5. f3 Nf6 6. Nc3 Nbd7 7.
O-O-O b5 8. Kb1 Bb7 9. Nh3 c5 10. dxc5 dxc5 11. g4 h6 12. Nf4 e6 13. h4 Qc7 14.
Qh2 Ne5 15. Nd3 Nfd7 16. Bf4 O-O-O 17. Be2 {
- Ivanchuk,V-Svidler,P/4th World Team Ch, Lucerne SUI 1997 (17)}) (4... Nf6 5.
Nc3 c6 6. Bh6 Bxh6 7. Qxh6 Qa5 8. Bd3 Nbd7 9. Nge2 Qh5 10. Qd2 e5 11. Ng3 Qh4
12. Nce2 O-O 13. O-O-O d5 14. f3 exd4 15. Nxd4 Ne5 16. Rde1 Bd7 17. f4 Nxd3+
18. cxd3 dxe4 19. dxe4 {Simo,G-Martinez,F/Candas op 1992/ - (61)}) 5. f3 e5 6.
d5 fxe4 7. fxe4 Qh4+ 8. g3 Qxe4 9. Nc3 Qxh1 10. O-O-O Bg4 11. Re1 Nf6 12. Bb5+
(12. Bd3 {aendert den traurigen Lauf der Dinge nicht} 12... Bf5 (12... Nxd5 $6
{ist schnell zu verwerfen} 13. Be4 Qxe4 14. Nxe4 Nxe3 15. Rxe3 $17) 13. Bxf5
gxf5 14. Qe2 $19) 12... Nbd7 13. Nh3 13... Ne4 $17 (13... Ne4 14. Nxe4 14...
Qxe4 $19) (13... Qxe1+ $1 $142 {und nichts geht mehr} 14. Qxe1 14... Bxh3 $19)
0-1

[Event "ICS rated blitz match"]
[Site "207.99.83.227"]
[Date "1999.04.14"]
[Round "?"]
[White "Hossa"]
[Black "jo"]
[Result "1-0"]
[WhiteElo "2481"]
[BlackElo "2448"]
[PlyCount "27"]

1. e4 c5 2. Bc4 e6 3. Nc3 h5 4. Nf3 h4 5. d4 h3 6. dxc5 hxg2 7. Rg1 Bxc5 8.
Rxg2 g6 9. Bg5 Qa5 10. a3 Qc7 11. Nb5 Qb6 12. b4 Bf8 13. Qd4 Na6 14. Qxh8 {
jo resigns} 1-0

[Event "ICS Rated blitz match"]
[Site "207.99.83.227"]
[Date "1999.04.14"]
[Round "?"]
[White "Rufsetufs"]
[Black "Hossa"]
[Result "0-1"]
[WhiteElo "2142"]
[BlackElo "2495"]
[PlyCount "42"]

1. Nf3 Nf6 2. g3 e6 3. Bg2 Bb4 4. a3 Be7 5. O-O O-O 6. d3 d5 7. Nbd2 Nc6 8. e4
e5 9. b4 Bg4 10. h3 Bxf3 11. Qxf3 a5 12. bxa5 Nd4 13. Qd1 Rxa5 14. c3 Ne6 15.
exd5 Nxd5 16. Bb2 Ra7 17. Re1 Nb6 18. Rxe5 Qxd3 19. c4 Rd8 20. Bc1 Qc3 21. Qh5
21... Qxa1 {Rufsetufs resigns} 0-1

[Event "ICS rated blitz match"]
[Site "207.99.83.227"]
[Date "1999.04.14"]
[Round "?"]
[White "jo"]
[Black "Hossa"]
[Result "0-1"]
[WhiteElo "2459"]
[BlackElo "2499"]
[PlyCount "32"]

1. e4 e5 2. Nf3 Nc6 3. Bb5 a6 4. Ba4 Nf6 5. Qe2 Be7 6. O-O b5 7. Bb3 O-O 8. c3
d6 9. d4 exd4 10. cxd4 Bg4 11. Rd1 Qd7 12. h3 Bh5 13. Nc3 Rae8 14. Bg5 Nxe4 15.
Nxe4 Bxg5 16. g4 16... Bxg4 {jo resigns} 0-1

[Event "ICS Rated blitz match"]
[Site "207.99.83.227"]
[Date "1999.04.14"]
[Round "?"]
[White "Decoverto"]
[Black "Hossa"]
[Result "0-1"]
[WhiteElo "2245"]
[BlackElo "2513"]
[PlyCount "120"]

1. d4 Nf6 2. Nf3 e6 3. e3 Be7 4. Bd3 O-O 5. O-O d5 6. Nbd2 c5 7. c3 Nc6 8. Qe2
Nd7 9. Re1 Kh8 10. Bc2 Nf6 11. dxc5 Bxc5 12. e4 Ng4 13. Rf1 Bd7 14. h3 Nf6 15.
e5 Ne8 16. Nb3 Be7 17. Nbd4 Rc8 18. Re1 Nxd4 19. Nxd4 Bc5 20. Nf3 Qb6 21. Rf1
Bb5 22. Bd3 Bxd3 23. Qxd3 Be7 24. Qe2 Rc4 25. Be3 Re4 26. Qc2 Bc5 27. Bxc5 Qxc5
28. Rfe1 Rxe1+ 29. Rxe1 Qc4 30. Ng5 Qh4 31. Nf3 Qd8 32. Rd1 Kg8 33. Qd2 Qa5 34.
a3 Nc7 35. Qd4 Qa6 36. Qd3 Qxd3 37. Rxd3 Na6 38. Nd4 Nc5 39. Rd1 a5 40. f4 Ne4
41. Nb5 f5 42. Nd4 Re8 43. Nb5 h5 44. Nd4 g5 45. fxg5 Nxg5 46. Rc1 Re7 47. Nf3
Ne4 48. Nd4 Ng3 49. Kf2 h4 50. Nf3 Rh7 51. Re1 Rh6 52. Rc1 Ne4+ 53. Kg1 Nc5 54.
Re1 b6 55. Re2 Ne4 56. Rc2 Ng3 57. Rd2 a4 58. Rc2 f4 59. Re2 Nxe2+ 60. Kf2
60... Ng3 {Decoverto resigns} 0-1

[Event "ICS rated blitz match"]
[Site "207.99.83.227"]
[Date "1999.04.14"]
[Round "?"]
[White "Hossa"]
[Black "jo"]
[Result "1-0"]
[WhiteElo "2519"]
[BlackElo "2459"]
[PlyCount "63"]

1. e4 h5 2. Be2 h4 3. d4 d6 4. Bg5 g6 5. Nc3 Bg7 6. Bc4 Qd7 7. Nf3 h3 8. gxh3
Rxh3 9. Bb5 c6 10. Be2 b5 11. Qd2 Nf6 12. Bxf6 Bxf6 13. O-O-O Bg7 14. Ng5 Rh8
15. Rdg1 b4 16. Nd1 a5 17. Bg4 Qc7 18. Bxc8 Qxc8 19. Ne3 Na6 20. Nc4 Qc7 21.
Qf4 Rf8 22. Rd1 a4 23. Qe3 Nb8 24. e5 d5 25. Nd6+ Kd7 26. Qh3+ e6 27. Ndxf7 Re8
28. Nxe6 Rxe6 29. Ng5 Qd8 30. Qxe6+ Kc7 31. Qxg6 Qe7 32. Qxg7 {jo resigns} 1-0

[Event "ICS rated blitz match"]
[Site "207.99.83.227"]
[Date "1999.04.14"]
[Round "?"]
[White "weed"]
[Black "Hossa"]
[Result "1-0"]
[WhiteElo "2775"]
[BlackElo "2532"]
[Annotator "Crafty v16.6"]
[PlyCount "95"]

{annotating for player Hossa using a scoring margin of +0.10 pawns. search
time limit is 20.00} 1. d4 1... Nf6 2. c4 g6 3. Nc3 Bg7 4. e4 d6 5. Nge2 O-O 6.
g3 e5 ({8:+0.02} 6... e5 7. d5 Bg4 8. Bg2 Qd7 9. O-O Bh3 10. Bg5 $10) ({8:+0.18
} 6... c5 7. dxc5 dxc5 8. Qxd8 Rxd8 9. Bg2 Nc6 10. O-O Nd4 11. Bg5 $10) 7. Bg2
exd4 8. Nxd4 Nbd7 9. O-O Ne5 10. b3 Bg4 11. f3 Bd7 12. Bb2 Rc8 ({8:-0.07} 12...
Rc8 13. Qd2 Qe7 14. Rad1 Rfe8 15. Qe3 c5 16. Ndb5 $10) ({8:+0.04} 12... Re8 13.
Nd5 Nxd5 14. cxd5 c5 15. dxc6 bxc6 16. Nc2 Qb6+ 17. Bd4 17... Qd8 $10) 13. f4
Neg4 14. Re1 c6 ({8:-0.14} 14... c6 15. h3 Nh6 16. Qd3 Re8 17. Rad1 Qe7 18. e5
$10) ({8:+0.01} 14... Nh5 15. h3 Nh6 16. Re3 Re8 17. Qd3 Qe7 18. Nd5 $10) 15.
h3 Nh6 16. Qd3 Qa5 ({8:-0.64} 16... Qa5 17. g4 g5 18. e5 dxe5 19. fxe5 Ne8 20.
Ndb5 20... Rd8 $14) ({8:-0.28} 16... Ne8 17. Rad1 Qa5 18. Qf3 Qb6 19. Qe3 Qc5
20. a3 $10) 17. e5 Nh5 ({8:-0.71} 17... Nh5 18. Nde2 Qc5+ 19. Kh2 d5 20. cxd5
Bf5 21. Qd4 cxd5 22. Nxd5 $16) ({8:-0.26} 17... dxe5 18. Rxe5 Qd8 19. Rd1 Re8
20. Nde2 Qc7 21. Qd6 Qxd6 22. Rxd6 Rxe5 23. fxe5 $10) 18. Nde2 Rfd8 ({8:-0.36} 
18... Rfd8 19. g4 Nxf4 20. Nxf4 dxe5 21. g5 Qc5+ 22. Kh1 exf4 23. gxh6 23...
Bxh6 $14) ({8:-0.22} 18... Rcd8 19. Qxd6 Qb6+ 20. c5 Qa5 21. Qe7 Nf5 22. b4
22... Qxb4 $10) 19. exd6 Bf5 20. Qf3 Rxd6 21. Rad1 Rxd1 22. Rxd1 Rd8 23. Rxd8+
Qxd8 24. g4 Qd2 25. Bc1 Qc2 26. Qe3 Bxc3 27. Nxc3 Bd3 28. gxh5 Qxc3 29. Be4
gxh5 30. Bxd3 Kg7 31. Bd2 Qa1+ 32. Bf1 Nf5 33. Bc3+ f6 34. Qd2 Qb1 35. Qd7+ Kg8
36. Qe6+ Kf8 37. Bb4+ Kg7 38. Qd7+ Kg6 39. Qe8+ Kh6 40. Bf8+ Ng7 41. Qe7 Qg6+
42. Kh1 f5 43. Bd3 b5 44. Bxf5 c5 45. Bxg6 Kxg6 46. Qxg7+ Kf5 47. Qe5+ Kg6 48.
Qe6# 1-0

[Event "ICS rated blitz match"]
[Site "207.99.83.227"]
[Date "1999.04.14"]
[Round "?"]
[White "Hossa"]
[Black "jo"]
[Result "1-0"]
[WhiteElo "2526"]
[BlackElo "2425"]
[PlyCount "39"]

1. e4 c5 2. Bc4 e6 3. Nc3 a6 4. a4 b6 5. Nf3 Bb7 6. O-O d6 7. d4 Nf6 8. dxc5
bxc5 9. e5 dxe5 10. Qxd8+ Kxd8 11. Nxe5 Ke8 12. Rd1 Nbd7 13. Bf4 Be7 14. Nxd7
Nxd7 15. a5 e5 16. Bg3 h5 17. Bxf7+ Kxf7 18. Rxd7 Ke6 19. Rxb7 h4 20. Bxe5 {
jo resigns} 1-0

[Event "ICS rated bullet match"]
[Site "207.99.83.227"]
[Date "1999.04.14"]
[Round "?"]
[White "Hossa"]
[Black "TDChess"]
[Result "0-1"]
[WhiteElo "2413"]
[BlackElo "2487"]
[Annotator "Crafty v16.6"]
[PlyCount "80"]

{annotating for player Hossa using a scoring margin of +0.10 pawns. search
time limit is 20.00} 1. e4 1... e6 2. Nf3 d5 3. e5 ({9:-0.10} 3. e5 3... Nh6 4.
Be2 Be7 5. d3 Nf5 6. O-O O-O 7. Nc3 $10) ({9:+0.82} 3. exd5 3... Qxd5 4. Nc3
Qc5 5. Be2 Nf6 6. O-O Nbd7 7. Bb5 7... Bd6 $16) 3... g5 4. d4 g4 5. Nfd2 h5 6.
f3 ({9:+0.00} 6. f3 6... Nc6 7. fxg4 Qh4+ 8. g3 Qxg4 9. Qxg4 hxg4 10. Bb5 Bd7
11. Nb3 $10) ({9:+0.27} 6. h3 6... gxh3 7. Rxh3 Nc6 8. Nb3 h4 9. Bf4 Nh6 10.
Bb5 10... Nf5 $10) 6... Nc6 7. c3 Qh4+ 8. g3 Qg5 9. Be2 gxf3 10. Nxf3 Qg7 11.
Rf1 ({9:+0.22} 11. Rf1 11... Be7 12. Nh4 Qh7 13. Ng2 Qe4 14. Nf4 h4 15. Nd2 $10
) ({9:+0.47} 11. Bf4 11... Be7 12. h4 f6 13. Nbd2 Kd8 14. Qc2 fxe5 15. Nxe5
15... Nxe5 $14) 11... f5 12. Ng5 h4 13. Bh5+ Kd7 14. gxh4 ({9:-0.54} 14. gxh4
14... Qh6 15. Bf7 Qxh4+ 16. Rf2 Nd8 17. Qa4+ c6 18. Be3 Nxf7 19. Nxf7 19... Rh5
$15) ({9:+0.82} 14. g4 14... Nh6 15. gxf5 Nxf5 16. Bf7 Ke7 17. Qa4 Bd7 18. Qc2
$16) 14... Qh6 15. Bf7 Qxh4+ 16. Rf2 Nd8 17. Qe2 Be7 18. Nf3 Qh7 19. Bxg8 Rxg8
20. Be3 ({10:-1.22} 20. Be3 20... Rg4 21. Qb5+ Nc6 22. Re2 Kd8 23. Nbd2 f4 24.
Bf2 24... Qc2 $17) ({10:-1.05} 20. Bf4 20... Rg4 21. Qe3 Bh4 22. Nxh4 Rg1+ 23.
Kd2 Qxh4 24. Kc2 Qe7 25. Rf3 $17) 20... Rg4 21. c4 dxc4 22. Qxc4 f4 23. Bc1 Nc6
24. d5 exd5 25. Qxd5+ Ke8 26. Qc4 Bf5 27. Nc3 Bd3 28. Qd5 Rd8 29. Qb3 Nxe5 30.
Qa4+ Rd7 31. Nd5 Nxf3+ 32. Rxf3 Bh4+ 33. Rg3 fxg3 34. Nxc7+ Kd8 35. Bg5+ Kc8
36. Qxd7+ Qxd7 37. hxg3 Bxg3+ 38. Kd1 Bc2+ 39. Kxc2 Rc4+ 40. Kb3 Qd3# 0-1